Normal view
MARC view
- Cartilla popoluca
Entry Materia
001 - NÚMERO DE CONTROL DEL REGISTRO
- campo de control: 8182
003 - IDENTIFICADOR DE NUMERO DE CONTROL
- campo de control: UPN
005 - FECHA Y HORA DE LA ÚLTIMA TRANSACCIÓN
- campo de control: 20231027142906.0
008 - DATOS DE LONGITUD FIJA
- campo de control de longitud fija: 230116nn annnnbabn n |na |d
035 ## - NÚMERO DE CONTROL DEL SISTEMA
- Número de control del sistema: UPN10000008188
040 ## - FUENTE DE LA CATALOGACIÓN
- Lengua de catalogación: spa
- Centro catalogador de origen: MX-MxUPN
046 ## - FECHAS CON CODIFICACIÓN ESPECIAL
- Fecha final para contenidos agregados: 2023
150 ## - ENCABEZAMIENTO - TEMÁTICO
- Término de materia o nombre geográfico como elemento inicial: Cartilla popoluca
670 ## - FUENTE EN LA QUE SE LOCALIZARON DATOS
- Cita de la fuente: T/P
- Información localizada: Lecto-escritura en lengua popoluca : popoluca, Norte, Tehuacán, Pue.
902 ## - CATALOGADOR
- Catalogador: LG/210197
